000 00382 a2200169 4500
001 189892
020 _a978-85-16-07691-7
040 _cMagnum
100 _aMartinelli, Tânia Alexandre
240 1 0 _aA melhor banda do mundo
_lpor
245 1 0 _aA melhor banda do mundo
300 _a214
362 0 _a2012
440 1 _aModerna
697 _aLITERATURA JUVENIL
942 _cBK
999 _c189892
_d189892